000 00928nam0a2200289 4500
001 RU\NLR\ONL2\10662
005 20250613130909.0
010 _a978-5-7608-0525-6
_9300
035 _a(NLR Aleph) 009658251
090 _a9600761
_c9600761
100 _a20080905d2007 |||y0rusy50 ca
101 0 _aady
102 _aRU
105 _ay |||||||||
200 1 _aКъысфакIу, орэд
_eусэхэр
_fШэкIо Абрек
210 _aМыекъуапэ
_cАдыгэ Респ. итхылъ тедзапI
_d2007
215 _a125 с.
_d17
541 1 _6z01790
_aПриди, песня
_eстихотворения
_zrus
686 1 _aШ6(2=Адыг)7-5
700 1 _aШэкIо
_bА.
_gАбрек
_4070
790 1 _6z01541
_aШаков
_bА. Ш.
_gАбрек Шабанович
_4070
801 0 _aRU
_bNLR
_c20080905
_gPSBO
852 _aNLR
_bОНЛ
_jАдыг./2-1028
942 _cBOOK
980 _aNB
980 _aONL_RF